Normal view
MARC view
Entry Personal Name
001 - CONTROL NUMBER
- control field: 1016316
003 - CONTROL NUMBER IDENTIFIER
- control field: OSt
005 - DATE AND TIME OF LATEST TRANSACTION
- control field: 20260121155157.0
008 - FIXED-LENGTH DATA ELEMENTS
- fixed length control field: 260121|| aca||aabn | a|a d
040 ## - CATALOGING SOURCE
- Original cataloging agency: OSt
- Transcribing agency: OSt
100 ## - HEADING--PERSONAL NAME
- Personal name: J.R. Martin; Y.J. Doran; Giacomo Figueredo
670 ## - SOURCE DATA FOUND
- Source citation: Work cat.: (OSt)1583135: J.R. Martin; Y.J. Doran; Giacomo Figueredo , Systemic Functional Language Description
